Länder mit den meisten Zeitzonen - Statistiken

Allgemein
  • Dieses Quiz wurde 249 mal gespielt
  • Das Durchschnittsergebnis liegt bei 9 aus 13
Antwortstatistiken
Zeitzonen Antwort % Korrekt
11 Russland
99%
11 USA
98%
6 Kanada
93%
8 Australien
90%
4 Brasilien
90%
12 Frankreich
82%
9 Vereinigtes Königreich
76%
4 Mexiko
75%
3 Indonesien
71%
5 Neuseeland
48%
4 Dänemark
45%
3 Chile
33%
3 Kiribati
31%
Keine übereinstimmenden Quizze gefunden
Verteilung der Resultate
Anzahl Personen mit jedem Resultat
Perzentil nach korrekt beantworteten Fragen
Ihre Resultats-Entwicklung
Sie haben dieses Quiz noch nicht gespielt